| 000 | 00636 a2200205 4500 | ||
|---|---|---|---|
| 020 | _a0007119267 | ||
| 020 | _a9780007119264 | ||
| 040 |
_aDLC _bDLC |
||
| 100 | 1 | _aChristie, Agatha, | |
| 245 | 1 | 0 |
_aEvil under the sun _cChristie, Agatha |
| 250 | _aAgatha Christie signature ed. | ||
| 260 |
_aLondon : _bHarperCollins, _c2001. |
||
| 300 |
_a320 p. : _bmap ; _c18 cm. |
||
| 440 | 4 | _aThe Agatha Christie collection. | |
| 500 | _aFirst published 1941. | ||
| 650 | 0 | _aPoirot, Hercule (Fictitious character) | |
| 650 | 0 |
_aPrivate investigators _zEngland |
|
| 650 | 0 | _aDetective and mystery stories, English. | |
| 942 |
_cBK _k823.912 CHR _2ddc |
||
| 999 |
_c4986 _d4986 |
||